[Event "24. European Club Cup 2008"]
[Site "Kallithea GRE"]
[Date "2008.10.18"]
[Round "2.19"]
[White "Arngrimsson, Dagur"]
[Black "Starostits, Ilmars"]
[Result "1/2-1/2"]
[WhiteElo "2392"]
[BlackElo "2480"]
[PlyCount "104"]
[EventDate "2008.10.17"]
[EventType "team-swiss"]
[EventRounds "7"]
[EventCountry "GRE"]
[Source "lmi"]
[SourceDate "2008.10.17"]
[WhiteTeam "Bolungarvik"]
[BlackTeam "Panevezys"]

1. e4 b6 2. d4 Bb7 3. Nc3 e6 4. a3 d6 5. Be3 Nd7 6. Qd2 a6 7. g3 Ngf6 8. f3 Be7
9. Bg2 b5 10. Nge2 O-O 11. O-O Nb6 12. b3 c6 13. h3 Qc7 14. f4 c5 15. d5 exd5
16. Nxd5 Nfxd5 17. exd5 Bf6 18. Rad1 Rae8 19. Nc3 b4 20. axb4 cxb4 21. Ne4 Nxd5
22. Bf2 Rd8 23. Nxf6+ Nxf6 24. Qxb4 Bxg2 25. Kxg2 Qxc2 26. Rc1 Qf5 27. Rfd1 h5
28. Rd4 Rfe8 29. Rxd6 Ne4 30. Rxd8 Rxd8 31. Be1 Nf6 32. Qc4 Re8 33. Bf2 a5 34.
Re1 Rc8 35. Re5 Qd7 36. Re7 Rxc4 37. Rxd7 Rc2 38. Rd4 Rb2 39. Ra4 Rxb3 40. Rxa5
Ne4 41. Ra2 f5 42. Be1 g6 43. Re2 Kf7 44. g4 Ke6 45. gxh5 gxh5 46. Ra2 Kd5 47.
Ra5+ Kd4 48. Rxf5 Ke3 49. Rxh5 Rb1 50. Bh4 Rb2+ 51. Kg1 Kf3 52. Ra5 Rb1+
1/2-1/2

[Event "24. European Club Cup 2008"]
[Site "Kallithea GRE"]
[Date "2008.10.18"]
[Round "2.19"]
[White "Zickus, Simonas"]
[Black "Gislason, Gudmundur"]
[Result "0-1"]
[WhiteElo "2315"]
[BlackElo "2328"]
[PlyCount "80"]
[EventDate "2008.10.17"]
[EventType "team-swiss"]
[EventRounds "7"]
[EventCountry "GRE"]
[Source "lmi"]
[SourceDate "2008.10.17"]
[WhiteTeam "Panevezys"]
[BlackTeam "Bolungarvik"]

1. Nf3 Nf6 2. g3 g6 3. Bg2 Bg7 4. O-O O-O 5. c4 d6 6. d4 Nc6 7. d5 Nb8 8. Nc3
Nbd7 9. Nd4 Nc5 10. b4 e5 11. Nc2 Ncd7 12. e4 a5 13. a3 axb4 14. axb4 Rxa1 15.
Nxa1 Ne8 16. Nb5 f5 17. Na7 Ndf6 18. Nxc8 Qxc8 19. exf5 gxf5 20. Bh3 b5 21. Nc2
bxc4 22. Ne3 Kh8 23. Bxf5 Qb7 24. Be6 Qxb4 25. Nf5 Qb3 26. Bg5 Qd3 27. Qc1 Nxd5
28. Rd1 Qf3 29. Bxd5 Qxf5 30. Be3 Nf6 31. Bxc4 Ng4 32. Qd2 Qh5 33. f3 Rxf3 34.
Rb1 Bf8 35. Ba7 c6 36. Qg2 Qf5 37. Rd1 c5 38. Be6 Rf2 39. Qd5 Qh5 40. h4 Ne3
0-1

[Event "24. European Club Cup 2008"]
[Site "Kallithea GRE"]
[Date "2008.10.18"]
[Round "2.19"]
[White "Halldorsson, Gudmundur"]
[Black "Bucinskas, Valdas"]
[Result "0-1"]
[WhiteElo "2251"]
[BlackElo "2325"]
[PlyCount "66"]
[EventDate "2008.10.17"]
[EventType "team-swiss"]
[EventRounds "7"]
[EventCountry "GRE"]
[Source "lmi"]
[SourceDate "2008.10.17"]
[WhiteTeam "Bolungarvik"]
[BlackTeam "Panevezys"]

1. d4 d5 2. c4 dxc4 3. e3 e5 4. Bxc4 exd4 5. exd4 Nf6 6. Nf3 Be7 7. O-O O-O 8.
Nc3 Nbd7 9. Bb3 Nb6 10. Re1 c6 11. Ne5 Nfd5 12. Qf3 Be6 13. Rd1 Qc7 14. Nd3
Rad8 15. Ne4 Qc8 16. Qg3 Rfe8 17. Bh6 g6 18. Bg5 f6 19. Bh6 Bf7 20. Ndc5 Na8
21. Bf4 Nac7 22. Bxc7 Nxc7 23. Bxf7+ Kxf7 24. Qb3+ Kg7 25. Nxb7 Rd5 26. Nc3 Rg5
27. d5 Qh3 28. g3 Rh5 29. Ne2 Qxh2+ 30. Kf1 Rf5 31. Qe3 Bb4 32. Qxa7 Qh3+ 33.
Kg1 Rh5 0-1

[Event "24. European Club Cup 2008"]
[Site "Kallithea GRE"]
[Date "2008.10.18"]
[Round "2.20"]
[White "Hermansson, Emil"]
[Black "Wiersma, Eelke"]
[Result "1/2-1/2"]
[WhiteElo "2423"]
[BlackElo "2414"]
[PlyCount "153"]
[EventDate "2008.10.17"]
[EventType "team-swiss"]
[EventRounds "7"]
[EventCountry "GRE"]
[Source "lmi"]
[SourceDate "2008.10.17"]
[WhiteTeam "Rockaden"]
[BlackTeam "LSG"]

1. e4 c5 2. Nf3 Nc6 3. d4 cxd4 4. Nxd4 e5 5. Nb5 d6 6. N1c3 a6 7. Na3 Be6 8.
Nc4 b5 9. Ne3 Nf6 10. g3 b4 11. Ncd5 Nxe4 12. Bg2 Nc5 13. O-O Rc8 14. Bd2 a5
15. a3 Be7 16. axb4 axb4 17. Nxb4 Nxb4 18. Bxb4 O-O 19. Nd5 Bxd5 20. Qxd5 Qb6
21. c3 Kh8 22. Rfd1 f5 23. Qa2 e4 24. Qa7 Qd8 25. Bf1 Qe8 26. Bxc5 Rxc5 27. Qb7
Re5 28. Ra7 e3 29. fxe3 Bf6 30. Rxd6 Re7 31. Rxf6 Rxb7 32. Rxf8+ Qxf8 33. Rxb7
g6 34. Kf2 Qd6 35. c4 h5 36. h4 g5 37. hxg5 h4 38. gxh4 f4 39. Rb3 fxe3+ 40.
Rxe3 Qh2+ 41. Kf3 Qh1+ 42. Ke2 Qh2+ 43. Kd3 Qxb2 44. Be2 Qb1+ 45. Kd4 Qa1+ 46.
Kd5 Qa8+ 47. Ke5 Qe8+ 48. Kf4 Qf8+ 49. Kg4 Qc8+ 50. Kh5 Kg7 51. Re7+ Kf8 52.
Re5 Kf7 53. Rd5 Kg7 54. Bd3 Qh3 55. Be4 Qe6 56. Bf3 Qe8+ 57. Kg4 Qc8+ 58. Kg3
Qxc4 59. h5 Qc7+ 60. Kg2 Qc2+ 61. Kh3 Qc8+ 62. Kg3 Qc7+ 63. Kg4 Qc4+ 64. Kf5
Qc8+ 65. Kf4 Qc1+ 66. Kg4 Qc4+ 67. Kg3 Qc7+ 68. Kg2 Qc2+ 69. Kf1 Qc4+ 70. Kf2
Qh4+ 71. Kg2 Qa4 72. Kg3 Qe8 73. Rf5 Qe1+ 74. Kg4 Qg1+ 75. Kh3 Qf1+ 76. Kg4
Qg1+ 77. Kh3 1/2-1/2

[Event "24. European Club Cup 2008"]
[Site "Kallithea GRE"]
[Date "2008.10.18"]
[Round "2.20"]
[White "Blomqvist, Erik"]
[Black "Middelburg, Tom"]
[Result "1-0"]
[WhiteElo "2418"]
[BlackElo "2388"]
[PlyCount "59"]
[EventDate "2008.10.17"]
[EventType "team-swiss"]
[EventRounds "7"]
[EventCountry "GRE"]
[Source "lmi"]
[SourceDate "2008.10.17"]
[WhiteTeam "Rockaden"]
[BlackTeam "LSG"]

1. e4 c5 2. Nf3 Nc6 3. d4 cxd4 4. Nxd4 Qc7 5. Nc3 e6 6. Be3 a6 7. Qd2 Nf6 8.
O-O-O Bb4 9. f3 Ne7 10. Nde2 d5 11. Bg5 dxe4 12. Bxf6 gxf6 13. Qd4 Bxc3 14.
Nxc3 Qf4+ 15. Kb1 Nc6 16. Qa4 O-O 17. Nxe4 Kg7 18. Qa3 Ne5 19. Be2 Bd7 20. Ng3
Kh6 21. Qd6 Qa4 22. Rd4 Qa5 23. Rh4+ Kg7 24. Nh5+ Kg6 25. f4 Bb5 26. f5+ Kxf5
27. Rf1+ Kg5 28. Qd4 Bxe2 29. Qf4+ Kg6 30. Qxf6# 1-0

[Event "24. European Club Cup 2008"]
[Site "Kallithea GRE"]
[Date "2008.10.18"]
[Round "2.20"]
[White "Bosman, Michiel"]
[Black "Olsson, Anders"]
[Result "1-0"]
[WhiteElo "2346"]
[BlackElo "2404"]
[PlyCount "73"]
[EventDate "2008.10.17"]
[EventType "team-swiss"]
[EventRounds "7"]
[EventCountry "GRE"]
[Source "lmi"]
[SourceDate "2008.10.17"]
[WhiteTeam "LSG"]
[BlackTeam "Rockaden"]

1. e4 e6 2. Nf3 d5 3. Nc3 Nf6 4. e5 Nfd7 5. d4 c5 6. dxc5 Nc6 7. Bf4 Be7 8. h4
Nxc5 9. a3 f6 10. Bd3 fxe5 11. Nxe5 O-O 12. g3 Bf6 13. Ng4 e5 14. Nxf6+ Qxf6
15. Nxd5 Nxd3+ 16. Qxd3 Qf7 17. Be3 Bf5 18. Qb3 Be4 19. O-O-O Rad8 20. Nc3 Qxb3
21. cxb3 Bxh1 22. Rxh1 Nd4 23. b4 Kf7 24. Ne4 h6 25. Kb1 b6 26. g4 Ke6 27. h5
Kd5 28. Ng3 Rd7 29. Rd1 Ke6 30. Rc1 Kd5 31. Rd1 Rf3 32. Ne2 Kc4 33. Rc1+ Kb3
34. Rc3+ Ka4 35. Bxd4 e4 36. Kc2 Rxd4 37. Rxf3 1-0

[Event "24. European Club Cup 2008"]
[Site "Kallithea GRE"]
[Date "2008.10.18"]
[Round "2.20"]
[White "Hedman, Erik"]
[Black "Van Wessel, Rudy"]
[Result "0-1"]
[WhiteElo "2353"]
[BlackElo "2307"]
[PlyCount "80"]
[EventDate "2008.10.17"]
[EventType "team-swiss"]
[EventRounds "7"]
[EventCountry "GRE"]
[Source "lmi"]
[SourceDate "2008.10.17"]
[WhiteTeam "Rockaden"]
[BlackTeam "LSG"]

1. e4 e5 2. Nf3 Nc6 3. Bb5 a6 4. Ba4 Nf6 5. d3 b5 6. Bb3 Be7 7. O-O d6 8. c3
O-O 9. Re1 Na5 10. Bc2 c5 11. Nbd2 Nc6 12. a4 Bb7 13. Nf1 Re8 14. h3 Qc7 15. g4
Nd8 16. Ng3 Ne6 17. Nf5 Bf8 18. g5 Nd7 19. Nh2 g6 20. Ng3 d5 21. Qf3 d4 22. Ng4
c4 23. Ne2 Qd8 24. h4 h5 25. Nf6+ Nxf6 26. gxf6 Nc5 27. Rd1 cxd3 28. Bxd3 Nxd3
29. Rxd3 Qb6 30. Ng3 Re6 31. Bg5 bxa4 32. cxd4 exd4 33. Rxa4 Bc5 34. Rb3 Qa7
35. Qf4 Bd6 36. Qd2 Bxg3 37. Rxg3 Rxe4 38. Ra1 Rae8 39. Kh2 Qb6 40. Rag1 Qd6
0-1

[Event "24. European Club Cup 2008"]
[Site "Kallithea GRE"]
[Date "2008.10.18"]
[Round "2.21"]
[White "Zarzo Lopez, Tomas"]
[Black "Ledger, Andrew J"]
[Result "0-1"]
[WhiteElo "2281"]
[BlackElo "2429"]
[PlyCount "48"]
[EventDate "2008.10.17"]
[EventType "team-swiss"]
[EventRounds "7"]
[EventCountry "GRE"]
[Source "lmi"]
[SourceDate "2008.10.17"]
[WhiteTeam "Merida"]
[BlackTeam "Betsson"]

1. d4 Nf6 2. c4 g6 3. Nc3 d5 4. Bf4 Bg7 5. e3 O-O 6. Rc1 c5 7. dxc5 Be6 8. Nf3
Nc6 9. Ng5 Qa5 10. Qa4 Qxa4 11. Nxa4 Bd7 12. Nc3 e5 13. Bg3 d4 14. Nd5 h6 15.
Nxf6+ Bxf6 16. Ne4 Be7 17. f4 f5 18. Nd6 dxe3 19. h4 b6 20. Be2 bxc5 21. Nb5
Rab8 22. b3 Nd4 23. Rf1 e4 24. Rc3 Bf6 0-1

[Event "24. European Club Cup 2008"]
[Site "Kallithea GRE"]
[Date "2008.10.18"]
[Round "2.21"]
[White "Ansell, Simon T"]
[Black "Garcia-Ortega Mendez, Jose M"]
[Result "1-0"]
[WhiteElo "2410"]
[BlackElo "2223"]
[PlyCount "29"]
[EventDate "2008.10.17"]
[EventType "team-swiss"]
[EventRounds "7"]
[EventCountry "GRE"]
[Source "lmi"]
[SourceDate "2008.10.17"]
[WhiteTeam "Betsson"]
[BlackTeam "Merida"]

1. e4 c5 2. Nf3 g6 3. d4 cxd4 4. Qxd4 Nf6 5. e5 Nc6 6. Qa4 Nd5 7. Qe4 Ndb4 8.
Bb5 Qa5 9. Nc3 d5 10. exd6 Bf5 11. d7+ Kd8 12. Qc4 Nxc2+ 13. Ke2 Nxa1 14. Rd1
Be6 15. Qxe6 1-0

[Event "24. European Club Cup 2008"]
[Site "Kallithea GRE"]
[Date "2008.10.18"]
[Round "2.21"]
[White "Sanchez Silva, Luis Agapito"]
[Black "Webb, Laurence E"]
[Result "1/2-1/2"]
[WhiteElo "2092"]
[BlackElo "2347"]
[PlyCount "133"]
[EventDate "2008.10.17"]
[EventType "team-swiss"]
[EventRounds "7"]
[EventCountry "GRE"]
[Source "lmi"]
[SourceDate "2008.10.17"]
[WhiteTeam "Merida"]
[BlackTeam "Betsson"]

1. d4 Nf6 2. c4 e6 3. Nc3 Bb4 4. Qc2 Nc6 5. Nf3 d6 6. Bg5 h6 7. Bxf6 Qxf6 8. e3
O-O 9. a3 Bxc3+ 10. Qxc3 e5 11. d5 Ne7 12. Bd3 Ng6 13. Qc2 Bd7 14. O-O b6 15.
b4 a5 16. Rab1 axb4 17. axb4 Qe7 18. Bxg6 fxg6 19. Nd2 Qh4 20. e4 Ra3 21. f3
Qg5 22. Kh1 Rfa8 23. Rfc1 Kh7 24. c5 Ba4 25. Qb2 Bb5 26. cxb6 cxb6 27. f4 Qxf4
28. Nc4 Ra2 29. Qc3 Qxe4 30. Qf3 Qxf3 31. gxf3 Bxc4 32. Rxc4 Rd2 33. Rc6 Rxd5
34. Rxb6 Ra2 35. b5 Rdd2 36. h4 Ra4 37. Rb8 Rxh4+ 38. Kg1 Rdh2 39. Rb3 Rh1+ 40.
Kf2 R4h2+ 41. Ke3 d5 42. b6 Re1+ 43. Kd3 Rf2 44. Rb5 Rxf3+ 45. Kd2 Ra1 46. b7
Ra2+ 47. Ke1 Rh3 48. Rf8 Rh1+ 49. Rf1 Ra1+ 50. Ke2 Ra2+ 51. Ke1 Ra1+ 52. Ke2
Rhxf1 53. b8=Q Rae1+ 54. Kd2 Rd1+ 55. Ke2 Rfe1+ 56. Kf2 e4 57. Qc7 Rc1 58. Qd7
Rf1+ 59. Kg2 Rb1 60. Ra5 Ra1 61. Rb5 Rfb1 62. Rc5 Rb3 63. Rc2 Rd3 64. Kf2 Rf3+
65. Kg2 Raf1 66. Rc7 R3f2+ 67. Kg3 1/2-1/2

[Event "24. European Club Cup 2008"]
[Site "Kallithea GRE"]
[Date "2008.10.18"]
[Round "2.21"]
[White "Eames, Robert S"]
[Black "Rubio Nevado, Pedro"]
[Result "1-0"]
[WhiteElo "2329"]
[BlackElo "2083"]
[PlyCount "78"]
[EventDate "2008.10.17"]
[EventType "team-swiss"]
[EventRounds "7"]
[EventCountry "GRE"]
[Source "lmi"]
[SourceDate "2008.10.17"]
[WhiteTeam "Betsson"]
[BlackTeam "Merida"]

1. d4 Nf6 2. c4 e6 3. Nc3 Bb4 4. Qc2 c5 5. dxc5 Nc6 6. Nf3 Bxc5 7. Bf4 O-O 8.
e3 b6 9. Be2 Bb7 10. O-O h6 11. h3 Qe7 12. a3 a5 13. Rfd1 d6 14. Rd2 Rfd8 15.
Rad1 Rd7 16. g4 Nh7 17. Ne4 Rad8 18. Kh2 g5 19. Bg3 Nf6 20. Nc3 Kg7 21. Qa4 Ba8
22. Ne1 d5 23. Bf3 Na7 24. cxd5 exd5 25. Kg2 Bc6 26. Qc2 d4 27. exd4 Bxd4 28.
Ne2 Bc5 29. Rxd7 Rxd7 30. Rxd7 Nxd7 31. b4 axb4 32. axb4 Bxb4 33. Nd4 Bxf3+ 34.
Nexf3 Qf6 35. Nf5+ Kg8 36. Qc7 Qc6 37. Qxa7 Bc5 38. Qa1 Nf6 39. Bd6 Ne8 1-0

[Event "24. European Club Cup 2008"]
[Site "Kallithea GRE"]
[Date "2008.10.18"]
[Round "2.21"]
[White "Hernandez Cid, Cesar"]
[Black "Ledger, Dave J"]
[Result "0-1"]
[WhiteElo "2065"]
[BlackElo "2254"]
[PlyCount "109"]
[EventDate "2008.10.17"]
[EventType "team-swiss"]
[EventRounds "7"]
[EventCountry "GRE"]
[Source "lmi"]
[SourceDate "2008.10.17"]
[WhiteTeam "Merida"]
[BlackTeam "Betsson"]

1. d4 Nf6 2. Nf3 e6 3. c4 b6 4. Bg5 Bb7 5. Nc3 Bb4 6. e3 h6 7. Bh4 c5 8. a3
Bxc3+ 9. bxc3 Nc6 10. Bd3 d6 11. Qc2 e5 12. d5 Na5 13. Nd2 Ba6 14. f4 exf4 15.
Bxf6 Qxf6 16. O-O O-O 17. Rxf4 Qe7 18. Re4 Qd7 19. Be2 Rae8 20. Bg4 f5 21. Bh3
Rxe4 22. Qxe4 Bc8 23. Qh4 Qe8 24. Re1 Qe5 25. Nb1 Ba6 26. e4 Bxc4 27. Bxf5 Bxd5
28. Qg4 Bf7 29. Re3 d5 30. Nd2 d4 31. cxd4 Qxd4 32. Qe2 c4 33. e5 Re8 34. Nf3
Qc5 35. Kh1 Be6 36. Bc2 Nc6 37. Re4 b5 38. h3 Bf5 39. Nh4 Bh7 40. Qg4 Nxe5 41.
Qh5 Qe7 42. Nf5 Qe6 43. Re3 Bxf5 44. Bxf5 Qe7 45. Bg6 Qc5 46. Re2 Re7 47. Qf5
a5 48. Rf2 Nd7 49. Qc2 b4 50. axb4 axb4 51. Bh7+ Kh8 52. Bf5 b3 53. Qb2 c3 54.
Qa1 Nf6 55. Bg6 0-1

[Event "24. European Club Cup 2008"]
[Site "Kallithea GRE"]
[Date "2008.10.18"]
[Round "2.22"]
[White "Agopov, Mikael"]
[Black "Skytte, Rasmus"]
[Result "1/2-1/2"]
[WhiteElo "2449"]
[BlackElo "2392"]
[PlyCount "52"]
[EventDate "2008.10.17"]
[EventType "team-swiss"]
[EventRounds "7"]
[EventCountry "GRE"]
[Source "lmi"]
[SourceDate "2008.10.17"]
[WhiteTeam "Matinkylaen"]
[BlackTeam "Aarhus"]

1. e4 c5 2. Nf3 Nc6 3. d4 cxd4 4. Nxd4 e5 5. Nb5 a6 6. Nd6+ Bxd6 7. Qxd6 Qf6 8.
Qd1 Qg6 9. Nc3 d5 10. Nxd5 Qxe4+ 11. Be3 Nd4 12. Nc7+ Ke7 13. Qd3 Nxc2+ 14. Kd2
Qxd3+ 15. Bxd3 Nxe3 16. Nxa8 Nd5 17. Rac1 Ngf6 18. Nc7 Nb4 19. Rc4 Nxd3 20.
Kxd3 Bd7 21. Rhc1 Kd6 22. a4 Bc6 23. Rxc6+ bxc6 24. Nxa6 Ra8 25. Nc5 Nd5 26. b3
f5 1/2-1/2

[Event "24. European Club Cup 2008"]
[Site "Kallithea GRE"]
[Date "2008.10.18"]
[Round "2.22"]
[White "Kekki, Petri"]
[Black "Jelling, Erik"]
[Result "1-0"]
[WhiteElo "2385"]
[BlackElo "2382"]
[PlyCount "63"]
[EventDate "2008.10.17"]
[EventType "team-swiss"]
[EventRounds "7"]
[EventCountry "GRE"]
[Source "lmi"]
[SourceDate "2008.10.17"]
[WhiteTeam "Matinkylaen"]
[BlackTeam "Aarhus"]

1. d4 f5 2. Nc3 Nf6 3. Bg5 d5 4. Bxf6 exf6 5. e3 Be6 6. Qf3 Nc6 7. Bb5 Qd6 8.
Nge2 O-O-O 9. Nf4 Bf7 10. Nd3 g6 11. a3 Kb8 12. b4 Ne7 13. Ba4 Nc8 14. Bb3 h5
15. O-O Bh6 16. a4 Rhe8 17. a5 g5 18. Nc5 f4 19. exf4 g4 20. Qd3 Bxf4 21. g3
Bh6 22. a6 b6 23. Nb7 Qxb4 24. Nxd8 Rxd8 25. Rab1 Qf8 26. Qf5 Qg7 27. Nxd5 Bxd5
28. Bxd5 Ne7 29. Qe6 Rd6 30. Qf7 Qxf7 31. Bxf7 h4 32. Rfe1 1-0

[Event "24. European Club Cup 2008"]
[Site "Kallithea GRE"]
[Date "2008.10.18"]
[Round "2.22"]
[White "Boe, Mads"]
[Black "Maki-Uuro, Miikka"]
[Result "1/2-1/2"]
[WhiteElo "2342"]
[BlackElo "2382"]
[PlyCount "21"]
[EventDate "2008.10.17"]
[EventType "team-swiss"]
[EventRounds "7"]
[EventCountry "GRE"]
[Source "lmi"]
[SourceDate "2008.10.17"]
[WhiteTeam "Aarhus"]
[BlackTeam "Matinkylaen"]

1. d4 e6 2. c3 Nf6 3. Bg5 h6 4. Bh4 c5 5. e3 b6 6. Nd2 Bb7 7. Ngf3 Be7 8. Bd3
cxd4 9. exd4 O-O 10. O-O d6 11. Qe2 1/2-1/2

[Event "24. European Club Cup 2008"]
[Site "Kallithea GRE"]
[Date "2008.10.18"]
[Round "2.23"]
[White "Mcphillips, Karl"]
[Black "Karttunen, Mika"]
[Result "0-1"]
[WhiteElo "2222"]
[BlackElo "2411"]
[PlyCount "108"]
[EventDate "2008.10.17"]
[EventType "team-swiss"]
[EventRounds "7"]
[EventCountry "GRE"]
[Source "lmi"]
[SourceDate "2008.10.17"]
[WhiteTeam "Belfast"]
[BlackTeam "Tammer"]

1. d4 Nf6 2. c4 c5 3. d5 e6 4. Nc3 exd5 5. cxd5 d6 6. Nf3 g6 7. Bf4 a6 8. e4
Nh5 9. Bg5 Be7 10. Bh6 Bg4 11. Be2 Nd7 12. e5 dxe5 13. Nxe5 Nxe5 14. Bxg4 Nxg4
15. Qxg4 f5 16. Qe2 Qd6 17. g4 fxg4 18. Ne4 Qe5 19. d6 Nf6 20. O-O-O Qxe4 21.
Qxe4 Nxe4 22. Rhe1 O-O-O 23. dxe7 Rxd1+ 24. Kxd1 Nd6 25. Bf4 Ne8 26. Kc2 Kd7
27. Bh6 Rg8 28. Bf8 g5 29. Rd1+ Ke6 30. Kc3 Rg6 31. Kc4 b6 32. Rd8 Kf7 33. Kd5
Rf6 34. Rb8 Rf5+ 35. Kc6 b5 36. Rd8 Rxf2 37. Rd5 h6 38. Kd7 Nf6+ 39. Kd8 h5 40.
Bh6 Re2 41. Rxg5 Rd2+ 42. Kc8 Rxb2 43. Re5 Rf2 44. Bg5 Ke8 45. Bh4 Rf1 46. Re6
Nd5 47. Kb7 c4 48. Kc6 Rd1 49. Kb7 Rd3 50. Bg5 b4 51. Kc6 b3 52. axb3 cxb3 53.
Kc5 b2 54. Re1 Rc3+ 0-1

[Event "24. European Club Cup 2008"]
[Site "Kallithea GRE"]
[Date "2008.10.18"]
[Round "2.23"]
[White "Lehtinen, Heikki"]
[Black "Mcdonnell, James J"]
[Result "1-0"]
[WhiteElo "2381"]
[BlackElo "2041"]
[PlyCount "119"]
[EventDate "2008.10.17"]
[EventType "team-swiss"]
[EventRounds "7"]
[EventCountry "GRE"]
[Source "lmi"]
[SourceDate "2008.10.17"]
[WhiteTeam "Tammer"]
[BlackTeam "Belfast"]

1. d4 d5 2. c4 c6 3. e3 Bf5 4. Nc3 e6 5. Nf3 Nf6 6. Be2 Be7 7. Nh4 Bg6 8. O-O
a6 9. Bd2 Nbd7 10. c5 e5 11. b4 exd4 12. exd4 Ne4 13. Nxg6 Nxc3 14. Bxc3 hxg6
15. a4 Qc7 16. g3 Bf6 17. Qd2 O-O 18. b5 axb5 19. axb5 Rfe8 20. b6 Qb8 21. Bg4
Nf8 22. h4 Rxa1 23. Rxa1 Ne6 24. Kg2 Kh8 25. Qd3 Kg8 26. Qd2 Kh8 27. Ra3 Kg8
28. Qd1 Kh8 29. Qa1 Kg8 30. Ra4 Qc8 31. Kh2 Qb8 32. Kg2 Qc8 33. Kh2 Qb8 34. Kh3
Kf8 35. Ra2 Kg8 36. Rd2 Kf8 37. Rd3 Kg8 38. Rd2 Kf8 39. Kg2 Qc8 40. Kh2 Qb8 41.
Kh3 Qc8 42. Ra2 Kg8 43. Ra4 Qb8 44. Qb2 Kh8 45. Qa3 Kg8 46. Kg2 Qc8 47. Bd2 Qb8
48. Bxe6 fxe6 49. Qd3 Kf7 50. Bf4 e5 51. dxe5 Bxe5 52. Bxe5 Qxe5 53. Rf4+ Kg8
54. Qxg6 Re7 55. Qg4 Re6 56. Kh2 Qe1 57. Qf3 Qe2 58. Rf8+ Kh7 59. Qf5+ Rg6 60.
h5 1-0

[Event "24. European Club Cup 2008"]
[Site "Kallithea GRE"]
[Date "2008.10.18"]
[Round "2.25"]
[White "Gharamian, Tigran"]
[Black "Perrett, David C"]
[Result "1-0"]
[WhiteElo "2555"]
[BlackElo "1953"]
[PlyCount "43"]
[EventDate "2008.10.17"]
[EventType "team-swiss"]
[EventRounds "7"]
[EventCountry "GRE"]
[Source "lmi"]
[SourceDate "2008.10.17"]
[WhiteTeam "Charleroi"]
[BlackTeam "Cwmbran"]

1. e4 Nf6 2. e5 Nd5 3. d4 d6 4. Nf3 g6 5. Bc4 Nb6 6. Bb3 Bg7 7. a4 a5 8. Ng5
O-O 9. Qf3 d5 10. Nc3 c6 11. h4 f6 12. exf6 Bxf6 13. Qe3 e5 14. dxe5 Bxe5 15.
Ne2 Re8 16. h5 Bxb2 17. hxg6 Bxa1 18. gxh7+ Kg7 19. h8=Q+ Rxh8 20. Rxh8 Qxh8
21. Qe7+ Kg6 22. Qf7+ 1-0

[Event "24. European Club Cup 2008"]
[Site "Kallithea GRE"]
[Date "2008.10.18"]
[Round "2.25"]
[White "Akhayan, Ruben"]
[Black "Tew, Paul"]
[Result "1/2-1/2"]
[WhiteElo "2262"]
[BlackElo "2074"]
[PlyCount "62"]
[EventDate "2008.10.17"]
[EventType "team-swiss"]
[EventRounds "7"]
[EventCountry "GRE"]
[Source "lmi"]
[SourceDate "2008.10.17"]
[WhiteTeam "Charleroi"]
[BlackTeam "Cwmbran"]

1. e4 b6 2. d4 Bb7 3. Nc3 e6 4. Nf3 Bb4 5. Bd3 Nf6 6. e5 Ne4 7. O-O Nxc3 8.
bxc3 Bxc3 9. Rb1 Bd5 10. Bg5 Qc8 11. Bd2 Bxd2 12. Nxd2 Bxa2 13. Ra1 Bd5 14. c4
Bb7 15. Ne4 Bxe4 16. Bxe4 Nc6 17. f4 Qd8 18. d5 exd5 19. cxd5 Ne7 20. Qg4 O-O
21. d6 Nc6 22. Qh5 g6 23. Qh6 f5 24. dxc7 Qxc7 25. Bd5+ Kh8 26. Rac1 Rac8 27.
Rf3 Qd8 28. Rd1 Qe7 29. h4 Qg7 30. Qg5 Qe7 31. Qh6 Qg7 1/2-1/2

[Event "24. European Club Cup 2008"]
[Site "Kallithea GRE"]
[Date "2008.10.18"]
[Round "2.25"]
[White "Howell, Alan"]
[Black "Israel, Gregory"]
[Result "0-1"]
[WhiteElo "1879"]
[BlackElo "2159"]
[PlyCount "50"]
[EventDate "2008.10.17"]
[EventType "team-swiss"]
[EventRounds "7"]
[EventCountry "GRE"]
[Source "lmi"]
[SourceDate "2008.10.17"]
[WhiteTeam "Cwmbran"]
[BlackTeam "Charleroi"]

1. d4 Nf6 2. c4 e6 3. Nc3 Bb4 4. e3 O-O 5. Nge2 d5 6. a3 Be7 7. Ng3 Re8 8. Bd3
b6 9. O-O Bb7 10. e4 dxe4 11. Ngxe4 Qxd4 12. Be3 Qd8 13. Qc2 Nbd7 14. Rad1 Qc8
15. Qe2 c5 16. Nd6 Bxd6 17. Bxh7+ Nxh7 18. Rxd6 Ndf6 19. Rfd1 e5 20. f3 e4 21.
fxe4 Nxe4 22. Nxe4 Bxe4 23. Qf2 Qg4 24. h3 Qxg2+ 25. Qxg2 Bxg2 0-1

[Event "24. European Club Cup 2008"]
[Site "Kallithea GRE"]
[Date "2008.10.18"]
[Round "2.26"]
[White "Ribbegren, Karl Johan"]
[Black "Galopoulos, N."]
[Result "0-1"]
[WhiteElo "2067"]
[BlackElo "2262"]
[PlyCount "108"]
[EventDate "2008.10.17"]
[EventType "team-swiss"]
[EventRounds "7"]
[EventCountry "GRE"]
[Source "lmi"]
[SourceDate "2008.10.17"]
[WhiteTeam "Monaco"]
[BlackTeam "Galaxias Thessaloniki"]
[WhiteTeamCountry "MNC"]

1. g3 d5 2. Bg2 c6 3. Nf3 Bg4 4. O-O Nd7 5. c4 e6 6. h3 Bxf3 7. Bxf3 Ne5 8. Bg2
Nxc4 9. b3 Nb6 10. Bb2 Nf6 11. d3 Be7 12. Nd2 O-O 13. Nf3 Nbd7 14. Qd2 Qb6 15.
Rac1 a5 16. Qc2 Bd6 17. e4 Be7 18. exd5 Nxd5 19. Rfe1 a4 20. bxa4 Qa6 21. Re4
N7f6 22. Rh4 Nb4 23. Qb3 Nbd5 24. Ne5 Rfd8 25. Rcc4 Ne8 26. Rh5 Ndf6 27. Rhh4
Nd6 28. Rb4 Nd5 29. Bxd5 exd5 30. Rhg4 Bf8 31. Qc3 f6 32. Rbf4 Ne8 33. Nf3 c5
34. Qb3 Qe6 35. Re4 Qc6 36. Re1 Kh8 37. Nh4 Rac8 38. Bc3 Nc7 39. Nf5 Qd7 40.
Rf4 Ne6 41. Rg4 Ng5 42. Rxg5 fxg5 43. g4 Re8 44. Rb1 d4 45. Bd2 Ra8 46. a5 Reb8
47. Qb6 Qc6 48. Qb3 Qf3 49. Ng3 Bd6 50. Ne4 Bf8 51. Bxg5 Re8 52. Bh4 Rab8 53.
Ng5 Qf4 54. Qd5 h6 0-1

[Event "24. European Club Cup 2008"]
[Site "Kallithea GRE"]
[Date "2008.10.18"]
[Round "2.26"]
[White "Vragoteris, Antonios"]
[Black "Botto, Julien"]
[Result "1-0"]
[WhiteElo "2267"]
[BlackElo "1907"]
[PlyCount "69"]
[EventDate "2008.10.17"]
[EventType "team-swiss"]
[EventRounds "7"]
[EventCountry "GRE"]
[Source "lmi"]
[SourceDate "2008.10.17"]
[WhiteTeam "Galaxias Thessaloniki"]
[BlackTeam "Monaco"]
[BlackTeamCountry "MNC"]

1. d4 d5 2. c4 e6 3. Nc3 Nf6 4. Bg5 c6 5. e3 Bb4 6. Qb3 Qa5 7. Bxf6 Bxc3+ 8.
bxc3 gxf6 9. Bd3 Nd7 10. cxd5 cxd5 11. Ne2 Nb6 12. O-O Bd7 13. a4 Rc8 14. Bb5
Rc7 15. Rfb1 Nc4 16. Bxc4 dxc4 17. Qa3 Qg5 18. Qd6 Bc6 19. Nf4 Rd7 20. Qb8+ Rd8
21. Qxa7 e5 22. d5 exf4 23. dxc6 f3 24. g3 Qg4 25. c7 O-O 26. Qxb7 Rc8 27. Kh1
Rfe8 28. Rd1 Qf5 29. g4 Qc2 30. Qxf3 Qxc3 31. Rac1 Qb3 32. Qc6 Qb2 33. Kg1 Qe2
34. Qxc4 Qf3 35. Rd7 1-0